Transparències (Record no. 795)

MARC details
000 -CABECERA
campo de control de longitud fija 00757nam a2200193 a 4500
001 - NÚMERO DE CONTROL
campo de control BRCA_901
005 - FECHA Y HORA DE LA ÚLTIMA TRANSACCIÓN
campo de control 20190320203211.0
008 - DATOS DE LONGITUD FIJA--INFORMACIÓN GENERAL
campo de control de longitud fija 031105s1995----sp-a---###---#000-0#ita-d
050 #4 - SIGNATURA TOPOGRÁFICA DE LA BIBLIOTECA DEL CONGRESO
Número de clasificación TP849
Número de documento/Ítem .T73 1995
245 10 - MENCIÓN DE TÍTULO
Título Transparències
Resto del título el teatre dels signes.
260 ## - PUBLICACIÓN, DISTRIBUCIÓN, ETC.
Lugar de publicación, distribución, etc. Barcelona
Nombre del editor, distribuidor, etc. Fundació Centre del Vidre
Fecha de publicación, distribución, etc. 1995
300 ## - DESCRIPCIÓN FÍSICA
Extensión 1 v. (sin paginación)
Otras características físicas il. (algunas a color)
Dimensiones 21 cm.
500 ## - NOTA GENERAL
Nota general Catálogo de la primera mostra interdiciplinària de la Fundació Centre del Vidre de Barcelona, 7 septiembre - 1 octubre, 1995
546 ## - NOTA DE LENGUA/LENGUAJE
Nota de lengua/lenguaje Texto en : portugués
650 14 - PUNTO DE ACCESO ADICIONAL DE MATERIA--TÉRMINO DE MATERIA
Término de materia o nombre geográfico como elemento de entrada Vitrales
Subdivisión de forma Catálogos
Subdivisión geográfica España
9 (RLIN) 2995
650 14 - PUNTO DE ACCESO ADICIONAL DE MATERIA--TÉRMINO DE MATERIA
Término de materia o nombre geográfico como elemento de entrada Artesanías en vidrio
Subdivisión de forma Catálogos
Subdivisión geográfica España
9 (RLIN) 2996
710 2# - PUNTO DE ACCESO ADICIONAL--NOMBRE DE ENTIDAD CORPORATIVA
Nombre de entidad corporativa o nombre de jurisdicción como elemento de entrada Fundació Centre del Vidre de Barcelona
9 (RLIN) 2997
942 ## - ELEMENTOS DE PUNTO DE ACCESO ADICIONAL (KOHA)
Fuente del sistema de clasificación o colocación Library of Congress Classification
Tipo de ítem Koha Libros
Holdings
Estado de retiro Estado de pérdida Estado dañado No para préstamo Localización permanente Ubicación/localización actual Fecha de adquisición Total de préstamos Signatura topográfica completa Código de barras Fecha visto por última vez Precio válido a partir de Tipo de ítem Koha
El ejemplar forma parte de la colección y puede ser consultado según las políticas vigentes.       Biblioteca del Museo Franz Mayer (Rogerio Casas-Alatriste) Biblioteca del Museo Franz Mayer (Rogerio Casas-Alatriste) 26/06/2008   TP849 .T73 1995 01374 22/03/2019 22/03/2019 Libros